German licence plates BY Quiz Stats

 Plays Quiz not verified by Sporcle

Score 0/80 Timer 10:00
0 Plays Today
Kennzeichen Kreis / Kreisfreie Stadt % Correct
AAugsburg
95.6%
NNürnberg
85.3%
COCoburg
83.8%
INIngolstadt (Donau)
83.8%
RRegensburg
83.8%
MMünchen
82.4%
Fürth
80.9%
Würzburg
80.9%
BABamberg
79.4%
ERErlangen (Stadt)
79.4%
ABAschaffenburg
77.9%
PAPassau
76.5%
DEGDeggendorf
75%
BTBayreuth
72.1%
MMMemmingen
72.1%
GAPGarmisch-Partenkirchen
70.6%
TÖLBad Tölz-Wolfratshausen
69.1%
ANAnsbach
67.6%
REGRegen
66.2%
Altötting
64.7%
LALandshut
64.7%
CHACham (Oberpfalz)
61.8%
DAHDachau
60.3%
AMAmberg
58.8%
DONDonau-Ries (Donauwörth)
57.4%
FFBFürstenfeldbruck
57.4%
FSFreising
55.9%
RORosenheim
55.9%
STAStarnberg
55.9%
TSTraunstein
55.9%
AICAichach-Friedberg
54.4%
BGLBerchtesgadener Land
54.4%
DGFDingolfing-Landau
52.9%
HOHof (Saale)
52.9%
KUKulmbach
51.5%
LILindau (Bodensee)
51.5%
EDErding
50%
FOForchheim
50%
PAFPfaffenhofen (Ilm)
48.5%
LLLandsberg (Lech)
45.6%
Kennzeichen Kreis / Kreisfreie Stadt % Correct
NUNeu-Ulm
45.6%
EIEichstätt
44.1%
OAOberallgäu (Sonthofen)
44.1%
MSPMain-Spessart-Kreis
42.6%
ERHErlangen-Höchstadt
41.2%
GZGünzburg
41.2%
KFKaufbeuren
41.2%
KEKempten (Allgäu)
39.7%
OALOstallgäu (Marktoberdorf)
39.7%
SWSchweinfurt
39.7%
DLGDillingen (Donau)
38.2%
LAUNürnberger Land (Lauf (Pegnitz))
38.2%
SRStraubing-Bogen
38.2%
MBMiesbach
36.8%
NEANeustadt-Bad Windsheim (Aisch)
33.8%
NEWNeustadt (Waldnaab)
33.8%
Mühldorf am Inn
32.4%
EBEEbersberg
30.9%
HASHaßberge-Haßfurt
30.9%
WUNWunsiedel
30.9%
NMNeumarkt (Oberpfalz)
29.4%
LIFLichtenfels
27.9%
MILMiltenberg
27.9%
FRGFreyung-Grafenau
26.5%
KEHKelheim
26.5%
KGBad Kissingen
26.5%
MNUnterallgäu (Mindelheim)
26.5%
RHRoth (Rednitz)
26.5%
KTKitzingen
25%
SCSchwabach
25%
KCKronach
23.5%
NDNeuburg-Schrobenhausen (Donau)
23.5%
WMWeilheim-Schongau (Oberbayern)
23.5%
ASAmberg-Sulzbach
22.1%
SADSchwandorf
22.1%
TIRTirschenreuth
19.1%
WENWeiden (Oberpfalz)
16.2%
WUGWeißenburg-Gunzenhausen
11.8%
PANRottal-Inn (Pfarrkirchen)
10.3%
NESRhön-Grabfeld (Bad Neustadt (Saale))
8.8%

You're not logged in!

Compare scores with friends on all Sporcle quizzes.
OR
Log In

Show Comments

Extras

Created Oct 26, 2010ReportNominate
Tags:German Quiz, licence, plate

Top Quizzes Today


Score Distribution

Your Account Isn't Verified!

In order to create a playlist on Sporcle, you need to verify the email address you used during registration. Go to your Sporcle Settings to finish the process.

Report this User

Report this user for behavior that violates our Community Guidelines.

Details: